Analýza likvidity v konkurze a vyrovnaní

Guardado en:
Detalles Bibliográficos
Autor principal: Hřebíčková, Lenka (Autor)
Formato: Manuscrito Libro
Lenguaje:eslovaco
Publicado: Bratislava : STU v Bratislave ChtF, 1999
Edición:Obháj.: 8.6.1999
Etiquetas: Agregar Etiqueta
Sin Etiquetas, Sea el primero en etiquetar este registro!

MARC

LEADER 00000ntm a22000003a 4500
001 stu49997
005 20150617225709.1
008 990624s1999------------------------slo-d
040 |a STU  |b slo 
041 0 |a slo 
100 1 |a Hřebíčková, Lenka  |4 aut 
245 1 |a Analýza likvidity v konkurze a vyrovnaní 
250 |a Obháj.: 8.6.1999 
260 |a Bratislava :  |b STU v Bratislave ChtF,  |c 1999 
300 |a 74 s 
500 |a Tab.,grafy,lit.Zameranie: Manažment chemického a potrav.priemyslu 
996 |b 284C008397  |c C*D12749  |l CCI  |s A  |a 24  |w stu49997_0001